|
|
|
|
| LEADER |
00000cam a2200000 7i4500 |
| 001 |
0000052037 |
| 005 |
20150915.0 |
| 008 |
150915 |
| 020 |
|
|
|a 9789670361697
|
| 090 |
0 |
0 |
|a CUS
|b MAL
|
| 100 |
0 |
|
|a Mas Anom Musdar
|
| 245 |
0 |
0 |
|a kenali senjata tradisional kita
|c mas anom Musdar
|
| 260 |
|
|
|a Selangor :
|b Ug Press Sdn Bhd ,
|c 2014
|
| 490 |
0 |
|
|a Folk literature, Malay
|x daggers
|
| 999 |
|
|
|a 0001307894
|b Book
|c Children Collection
|e Cawangan Bandar Penawar
|
| 999 |
|
|
|a 0001307896
|b Book
|c Chinese Collection
|e Cawangan Bandar Tenggara
|
| 999 |
|
|
|a 0001307898
|b Book
|c Children Collection
|e Cawangan Sri Merlong
|
| 999 |
|
|
|a 0001307901
|b Book
|c Children Collection
|e Cawangan Tangkak
|
| 999 |
|
|
|a 0001307902
|b Book
|c Children Collection
|e Cawangan Bukit Gambir
|
| 999 |
|
|
|a 0001307903
|b Book
|c Children Collection
|e Cawangan Batu Pahat
|
| 999 |
|
|
|a 0001307904
|b Book
|c Children Collection
|e Cawangan Mersing
|
| 999 |
|
|
|a 0001307905
|b Book
|c Children Collection
|e Cawangan Kota Tinggi
|